000 00381nam a22001337a 4500
008 230623b xxu||||| |||| 00| 0 eng d
020 _a9966900888
082 _a330.
_bKOU 1996
245 _aEffects of Inflation on Ivorian Fiscal Variables: An Econometric Investigation
260 _bAfrican Economic Research Consortium
_c1996
300 _a20p
440 _n52
942 _2ddc
_cBK
999 _c2412
_d2412